| 000 | 00608nam a2200169Ia 4500 | ||
|---|---|---|---|
| 003 | GCL | ||
| 008 | 140319s9999 xx 000 0 ara d | ||
| 040 |
_aGCL / _cGCL |
||
| 082 | 0 | 4 |
_a813.01 _bع و |
| 100 | 1 | _aعزمى لبيب | |
| 245 | 1 | 0 |
_aوجوه جديدة: مجموعة قصص عربية (هدية من الاديب عبدالفتاح الجمل) / _cعزمى لبيب |
| 300 | _a104 ص | ||
| 490 |
_aالمجلس الأعلى لرعاية الفنون والأدب والعلوم _v0 |
||
| 650 | 0 | 4 | _aالادب العربى |
| 650 | 0 | 4 | _aالقصص العربية القصيرة |
| 942 |
_2ddc _cBK |
||
| 999 |
_c47118 _d47118 |
||